[Event "Mittelrhein Verbandsliga-W 1112"]
[Site "Germany"]
[Date "2012.02.26"]
[Round "7.1"]
[White "Wacker, Peter"]
[Black "Kleinen, Sandro"]
[Result "1-0"]
[WhiteElo "2294"]
[BlackElo "1973"]
[PlyCount "69"]
[EventDate "2011.09.18"]
[EventType "team-tourn"]
[EventRounds "11"]
[EventCountry "GER"]
[SourceTitle "EXT 2013"]
[Source "ChessBase"]
[SourceDate "2012.11.22"]
[SourceVersion "1"]
[SourceVersionDate "2012.11.22"]
[SourceQuality "1"]
[WhiteTeam "Pulheim"]
[BlackTeam "Uebach Palenberg"]
[WhiteTeamCountry "GER"]
[BlackTeamCountry "GER"]

1. e4 c5 2. Nf3 Nc6 3. Bb5 Nd4 4. Nxd4 cxd4 5. c3 g6 6. cxd4 Bg7 7. Qa4 a6 8. d5 Qb6 9. Na3 Nf6 10. Be2 0-0 11. 0-0 d6 12. d3 Ng4 13. Qd1 f5 14. Nc4 Qc7 15. Bxg4 fxg4 16. Be3 b5 17. Nb6 Rb8 18. Rc1 Qb7 19. Rc2 a5 20. Qd2 Qa6 21. Rfc1 b4 22. Rc6 Bb7 23. Rc7 Rf7 24. Qc2 Qb5 25. Rxb7 Rxb7 26. Qc8+ Rf8 27. Qxb7 Qxd3 28. Qxe7 Bd4 29. Nc4 a4 30. Qxd6 Bxe3 31. Qe6+ Kg7 32. Qe5+ Kg8 33. Nxe3 Rxf2 34. Rc8+ Kf7 35. Rc7+ 1-0